<?xml version="1.0" encoding="utf-8"?>
<?xml-stylesheet type='text/xsl' href='./oai2.xsl'?>
<OAI-PMH xmlns="http://www.openarchives.org/OAI/2.0/" xmlns:xsi="http://www.w3.org/2001/XMLSchema-instance" xsi:schemaLocation="http://www.openarchives.org/OAI/2.0/ http://www.openarchives.org/OAI/2.0/OAI-PMH.xsd">
  <responseDate>2026-05-15T20:41:33Z</responseDate>
  <request verb="GetRecord" metadataPrefix="marcxml" identifier="record_kuniweb_948372">https://kulturerbe.niedersachsen.de/oai</request>
  <GetRecord>
    <record>
      <header>
        <identifier>record_kuniweb_948372</identifier>
        <datestamp>2018-03-26T07:18:59Z</datestamp>
        <setSpec>slg0198</setSpec>
      </header>
      <metadata>
        <marc:record xmlns:marc="http://www.loc.gov/MARC21/slim" xsi:schemaLocation="http://www.loc.gov/MARC21/slim http://www.loc.gov/standards/marcxml/schema/MARC21slim.xsd">
          <marc:leader>12345nkm  22     uu 4500</marc:leader>
          <marc:controlfield tag="001">948372</marc:controlfield>
          <marc:controlfield tag="003">http://kuniweb.gbv.de</marc:controlfield>
          <marc:controlfield tag="005">2017-12-13T11:58:11</marc:controlfield>
          <marc:controlfield tag="008">|           ||||||||||||||||||||||</marc:controlfield>
          <marc:datafield tag="245" ind1="1" ind2="0">
            <marc:subfield code="a">Schutzbrief</marc:subfield>
          </marc:datafield>
          <marc:datafield tag="655" ind1=" " ind2="7">
            <marc:subfield code="a">Plakate</marc:subfield>
          </marc:datafield>
          <marc:datafield tag="046" ind1=" " ind2=" ">
            <marc:subfield code="k">1983</marc:subfield>
            <marc:subfield code="k">1983</marc:subfield>
          </marc:datafield>
          <marc:datafield tag="260" ind1=" " ind2=" ">
            <marc:subfield code="g">1983</marc:subfield>
            <marc:subfield code="g">1983</marc:subfield>
          </marc:datafield>
          <marc:datafield tag="300" ind1=" " ind2=" ">
            <marc:subfield code="a">Höhe: 58,91 cm
Breite: 42 cm</marc:subfield>
          </marc:datafield>
          <marc:datafield tag="520" ind1=" " ind2=" ">
            <marc:subfield code="a">Am 2. November 1983 beschließt die Brokdorf-Prozeßgruppe, die seit 1976 die Klagen gegen das AKW unterstützt, wegen der offensichtlichen Parteilichkeit der Justiz an zukünftigen Verfahren nicht mehr teilzunehmen. 

Das Plakat ist unterschrieben mit: Karl Heinz Plehn 83.
Plehn ist Künstler aus der Wilster Marsch. 

Schlagworte: 
Gorleben, Atomkraft, Atommüll, Schutzbrief, Brokdorf, Atomkraftwerk AKW.
 (Gorleben Archiv / Birgit Huneke)

Industrieanlagen, eine Hand, schützend vor dem Dorf Brokdorf mit Trecker, Schafen und Landschaft.
Text:
Brokdorf
Schutzbrief
Prozesskostenkonto: Vereins- und West Bank Wilster Nr. 25/633107 (Treuhandkonto) 
Kontakt:
BUU-Prozeßgruppe Brokdorf - A. Reimers, Großwisch, 2211 Wewelsfleth

Aufleber aus späteren Jahren:
Auch wenn das AKW Brokdorf schon seit 1986 in Betrieb ist, hat der Widerstand gegen den Atomwahnsinn nicht aufgehört. Seit November 93 werden Atomtransporte von abgebrannten Brennelementen in die Wiederaufarbeitungsanlage Sellafield blockiert.
Prozesshilfekonto: Mirko Klessig, Raiffeisenbank Heide, BLZ 21860418, Kto 187240  (Unbekannt)

Verwendungszweck:
Protest gegen die Atomanlagen in Gorleben</marc:subfield>
          </marc:datafield>
          <marc:datafield tag="650" ind1="1" ind2=" ">
            <marc:subfield code="a">Widerstand</marc:subfield>
          </marc:datafield>
          <marc:datafield tag="650" ind1="1" ind2=" ">
            <marc:subfield code="a">Protest</marc:subfield>
          </marc:datafield>
          <marc:datafield tag="650" ind1="1" ind2=" ">
            <marc:subfield code="a">Kernenergie</marc:subfield>
          </marc:datafield>
          <marc:datafield tag="650" ind1="1" ind2=" ">
            <marc:subfield code="a">Plakate</marc:subfield>
          </marc:datafield>
          <marc:datafield tag="773" ind1="0" ind2=" ">
            <marc:subfield code="t">Plakate - Sammlung. Protestkultur gegen die Atomanlagen in Gorleben</marc:subfield>
          </marc:datafield>
          <marc:datafield tag="852" ind1=" " ind2=" ">
            <marc:subfield code="a">Gorleben Archiv e.V.</marc:subfield>
          </marc:datafield>
          <marc:datafield tag="" ind1=" " ind2=" ">
            <marc:subfield code="a">Rechte vorbehalten – Freier Zugang</marc:subfield>
          </marc:datafield>
        </marc:record>
      </metadata>
    </record>
  </GetRecord>
</OAI-PMH>
